Нормален изглед
MARC изглед
- Городец
Вход 05. Топологично име
001 - Контролен номер на записа
- Контролно поле: 441871
003 - Код на организацията, даваща контролен номер
- Контролно поле: BLK
005 - Дата и час на последна промяна на записа
- Контролно поле: 20210218133815.0
008 - Данни с фиксирана дължина – обща информация
- Данни с фиксирана дължина : 210218|| aca||aabn | a|a d
151 ## - ГЕОГРАФСКА ПРЕДМЕТНА РУБРИКА
- Топоним: Городец
942 ## - Системна служебна употреба
- Koha auth type: GEOGR_NAME